Municípios de Goiás em um Mapa - Statistics

Estatísticas Gerais
  • Esse quiz foi jogado 8 522 vezes
  • A pontuação média é 53 de 246
Respostas no mapa
Respostas codificadas por cores de uma escala verde-vermelha no mapa do quiz de acordo com a % correta abaixo.
 
Estatísticas das Respostas
Município % Correto
Goiânia
93%
Anápolis
77%
Aparecida de Goiânia
76%
Rio Verde
72%
Caldas Novas
68%
Goiás
64%
Goianésia
58%
Catalão
57%
Jataí
57%
Itumbiara
56%
Trindade
55%
Luziânia
54%
Formosa
49%
Pirenópolis
47%
Águas Lindas de Goiás
46%
Mineiros
45%
Senador Canedo
45%
Goiatuba
44%
Valparaíso de Goiás
44%
Goianira
43%
Morrinhos
43%
Cristalina
40%
Abadiânia
39%
Santo Antônio do Descoberto
39%
Niquelândia
38%
Hidrolândia
37%
Inhumas
37%
Porangatu
37%
Rio Quente
36%
Uruaçu
36%
Abadia de Goiás
35%
Iporá
35%
Novo Gama
35%
Piracanjuba
35%
Planaltina
35%
Quirinópolis
35%
Ceres
34%
Alexânia
33%
Goianápolis
32%
Aruanã
31%
Crixás
31%
Itaberaí
31%
Jaraguá
31%
Nerópolis
31%
Pires do Rio
31%
Bela Vista de Goiás
29%
Cidade Ocidental
29%
São Miguel do Araguaia
29%
Acreúna
28%
Jussara
28%
Santa Helena de Goiás
28%
Aragarças
27%
Nova Crixás
27%
Posse
27%
Anhanguera
26%
Ipameri
26%
Minaçu
26%
Caiapônia
25%
Cavalcante
25%
Cocalzinho de Goiás
25%
Guapó
25%
Pontalina
25%
Buriti Alegre
24%
Caçu
24%
Corumbá de Goiás
24%
Edéia
24%
Padre Bernardo
24%
Palmeiras de Goiás
24%
Chapadão do Céu
23%
Silvânia
23%
Alto Paraíso de Goiás
22%
Aragoiânia
22%
Bom Jesus de Goiás
22%
Faina
22%
Formoso
22%
Montividiu
22%
Nova Veneza
22%
Orizona
22%
Rialma
22%
São Luís de Montes Belos
22%
São Simão
22%
Anicuns
21%
Bonfinópolis
21%
Britânia
21%
Cristianópolis
21%
Goiandira
21%
Indiara
21%
Itauçu
21%
Mozarlândia
21%
Ouvidor
21%
Barro Alto
20%
Itajá
20%
Piranhas
20%
Professor Jamil
20%
Uruana
20%
Aporé
19%
Firminópolis
19%
Paraúna
19%
Serranópolis
19%
Vianópolis
19%
Água Fria de Goiás
18%
Água Limpa
18%
Araguapaz
18%
Cabeceiras
18%
Cachoeira Dourada
18%
Campos Belos
18%
Corumbaíba
18%
Edealina
18%
Flores de Goiás
18%
Itapaci
18%
Itapuranga
18%
Mara Rosa
18%
Rubiataba
18%
Alvorada do Norte
17%
Aparecida do Rio Doce
17%
Brazabrantes
17%
Cachoeira Alta
17%
Caldazinha
17%
Campinorte
17%
Doverlândia
17%
Lagoa Santa
17%
Panamá
17%
Santa Bárbara de Goiás
17%
Urutaí
17%
Varjão
17%
Americano do Brasil
16%
Cromínia
16%
Itaguaru
16%
Leopoldo de Bulhões
16%
Nazário
16%
Nova Roma
16%
Palestina de Goiás
16%
Palmelo
16%
Santo Antônio de Goiás
16%
São Miguel do Passa-Quatro
16%
Três Ranchos
16%
Aloândia
15%
Baliza
15%
Bom Jardim de Goiás
15%
Campo Alegre de Goiás
15%
Cezarina
15%
Cumari
15%
Davinópolis
15%
Fazenda Nova
15%
Gouvelândia
15%
Heitoraí
15%
Israelândia
15%
Itaguari
15%
Itarumã
15%
Jandaia
15%
Marzagão
15%
Montes Claros de Goiás
15%
Mundo Novo
15%
Nova Glória
15%
Santa Rita do Araguaia
15%
Santa Terezinha de Goiás
15%
Vila Boa
15%
Alto Horizonte
14%
Buriti de Goiás
14%
Campinaçu
14%
Castelândia
14%
Caturaí
14%
Damolândia
14%
Estrela do Norte
14%
Gameleira de Goiás
14%
Maurilândia
14%
Mossâmedes
14%
Novo Brasil
14%
Ouro Verde de Goiás
14%
Petrolina de Goiás
14%
Portelândia
14%
Sanclerlândia
14%
Santa Tereza de Goiás
14%
São Domingos
14%
Terezópolis de Goiás
14%
Turvânia
14%
Vila Propício
14%
Adelândia
13%
Amaralina
13%
Araçu
13%
Bonópolis
13%
Cachoeira de Goiás
13%
Campestre de Goiás
13%
Carmo do Rio Verde
13%
Divinópolis de Goiás
13%
Hidrolina
13%
Inaciolândia
13%
Joviânia
13%
Mambaí
13%
Monte Alegre de Goiás
13%
Montividiu do Norte
13%
Novo Planalto
13%
Paranaiguara
13%
Porteirão
13%
Rianápolis
13%
Santa Cruz de Goiás
13%
Santo Antônio da Barra
13%
São Francisco de Goiás
13%
São João d'Aliança
13%
Vicentinópolis
13%
Amorinópolis
12%
Arenópolis
12%
Aurilândia
12%
Avelinópolis
12%
Buritinópolis
12%
Campo Limpo de Goiás
12%
Campos Verdes
12%
Colinas do Sul
12%
Diorama
12%
Guarani de Goiás
12%
Iaciara
12%
Itapirapuã
12%
Jesúpolis
12%
Matrinchã
12%
Nova Aurora
12%
Palminópolis
12%
Perolândia
12%
Santa Fé de Goiás
12%
Teresina de Goiás
12%
Damianópolis
11%
Guarinos
11%
Mimoso de Goiás
11%
Mutunópolis
11%
Nova América
11%
Santa Isabel
11%
São João da Paraúna
11%
São Luiz do Norte
11%
Simolândia
11%
Taquaral de Goiás
11%
Trombas
11%
Turvelândia
11%
Córrego do Ouro
10%
Ipiranga de Goiás
10%
Ivolândia
10%
Jaupaci
10%
Mairipotaba
10%
Morro Agudo de Goiás
10%
Pilar de Goiás
10%
Santa Rosa de Goiás
10%
São Patrício
10%
Sítio d'Abadia
10%
Uirapuru
10%
Guaraíta
9%
Moiporá
9%
Nova Iguaçu de Goiás
9%
Santa Rita do Novo Destino
9%
Nenhum quiz correspondente encontrado
Distribuição das Pontuações
Porcentagem de Pessoas com Cada Pontuação
Percentil de Números Respondidos
Sua Pontuação Histórica
Você não jogou esse quiz